000 00596nam a2200157Ia 4500
008 100122s9999 xx 000 0 und d
082 _b55521
_a30
100 _aसोवनी रा वि
245 _aपृथ्वी आपला ग्रह ( क.क्र.231/2)
250 _a0
260 _bऑक्सफर्ड युनिव्हर्सिटी प्रेस
_c1996
300 _a164
630 _aपृथ्वी आपला ग्रह ( क.क्र.231/2)
730 _aपृथ्वी आपला ग्रह ( क.क्र.231/2)
942 _cBOOK
999 _c432131
_d432128